[Christoph Kampmann und Ulrich Niggemann (Hrsg.): Sicherheit in der Frühen Neuzeit)]
| Titel: | [Christoph Kampmann und Ulrich Niggemann (Hrsg.): Sicherheit in der Frühen Neuzeit)] / Martin P. Schennach |
|---|---|
| Verfasser: | |
| In: |
Zeitschrift für neuere Rechtsgeschichte, Band 37 (2015), Seite 157-158 alle Artikel anzeigen |
| Veröffentlicht: | 2015 |
| Format: | Aufsatz |
| Sprache: | Deutsch |
X
alg: 42648854
001A $03025:16-02-18
001B $01999:18-03-23 $t01:50:13.000
001C $03025:16-02-18 $t08:34:38.000
001D $03025:16-02-18
001U $0utf8
001X $00
002@ $0Aou
002C $aText $btxt $2rdacontent
002D $aohne Hilfsmittel zu benutzen $bn $2rdamedia
002E $aBand $bnc $2rdacarrier
003@ $0426488547
007A $0426488547 $aHEB
010@ $ager
010E $erda
011@ $a2015
013D $#Newspapers Sections, columns, etc. Reviews $#Book reviewing $#Journaux Cahiers, chroniques, etc. Comptes rendus $#Livres Recension $#Rezension $#Buchbesprechung $#Buchrezension $#Buchkritik $74049712-4 $8Rezension [Ts1] $9085138568
021A $a[Christoph Kampmann und Ulrich Niggemann (Hrsg.): Sicherheit in der Frühen Neuzeit)] $hMartin P. Schennach
028A $BVerfasser $#Schennach, Martin Paul $#Schennach, Martin $4aut $7124964478 $8Schennach, Martin P.$Z1975- [Tp3] $9155550233
031A $d37 $h157-158 $j2015
039B $aEnthalten in $8--Abvc--. Zeitschrift für neuere Rechtsgeschichte. - Wien : Manz, 1979-. - ISSN 0250-6459 $x201500000370000843 $9048077585
039T $8--Aau--. Sicherheit in der Frühen Neuzeit. - Köln {[u.a.] : Böhlau, 2013. - 812 S.. - Ill., graph. Darst., Kt.. - ISBN 978-3-412-22129-4 $9321886542
045T $aINTRECHT $qDE-1a $2FID
045T $a2
lok: 42648854 78
exp: 42648854 78 1 #EPN
201B/01 $016-02-18 $t08:31:44.000
201C/01 $016-02-18
201U/01 $0utf8
203@/01 $01018109579
208@/01 $a16-02-18 $be
209A/01 $a/ $f000 $x00
209A/01 $ab*p $x01
220C/01 $apgar
247C/01 $82080>Marburg/Lahn, Herder-Institut, Forschungsbibliothek, Bibliographieportal $9336309341
| LEADER | 00000caa a2200000 c 4500 | ||
|---|---|---|---|
| 001 | 426488547 | ||
| 003 | DE-603 | ||
| 005 | 20230318015013.0 | ||
| 007 | tu | ||
| 008 | 180216s2015 xx |||| | u00||u|ger c | ||
| 035 | |a (DE-599)HEB426488547 | ||
| 040 | |a DE-603 |b ger |c DE-603 |d DE-603 |e rda | ||
| 041 | |a ger | ||
| 084 | |a INTRECHT |q DE-1a |2 fid | ||
| 084 | |a 2 |2 ssgn | ||
| 100 | 1 | |a Schennach, Martin P. |d 1975- |e Verfasser |4 aut |0 (DE-603)155550233 |0 (DE-588)124964478 |2 gnd | |
| 245 | 0 | 0 | |a [Christoph Kampmann und Ulrich Niggemann (Hrsg.): Sicherheit in der Frühen Neuzeit)] |c Martin P. Schennach |
| 264 | 0 | |c 2015 | |
| 336 | |a Text |b txt |2 rdacontent | ||
| 337 | |a ohne Hilfsmittel zu benutzen |b n |2 rdamedia | ||
| 338 | |a Band |b nc |2 rdacarrier | ||
| 655 | 7 | |a Rezension |2 gnd-content |0 (DE-588)4049712-4 |0 (DE-603)085138568 | |
| 773 | 0 | 8 | |i Enthalten in |t Zeitschrift für neuere Rechtsgeschichte |d Wien : Manz, 1979- |x 0250-6459 |g Band 37 (2015), Seite 157-158 |w (DE-603)048077585 |w (DE-600)800888-7 |
| 787 | 0 | 8 | |i Rezension von |t Sicherheit in der Frühen Neuzeit |d Köln [u.a.] : Böhlau, 2013 |h 812 S., Ill., graph. Darst., Kt. |z 9783412221294 |w (DE-603)321886542 |
| 924 | 0 | |9 2080 |a (DE-603)1018109579 |b DE-2080 |c HES |d d |g / | |


